LEADER 00554nab a2200145 i 4500 001 000000260413 003 CaOOAMICUS 005 20050309000000.0 008 050309n xx uu u0 0und r 013 $a1159 040 $aSeMil$bita 245 10$aMass-media ed educazione. - 79 p. - Titolo principale [Dossier] dalla copertina. 500 $aOTTOBRE 2004. 773 0 $t[2004 : Giugno-Dicembre].$dLeumann (Torino) : Elledici, 2004.$w()135724 996 $6245$aMass-media ed educazione. - 79 p. - Titolo principale [Dossier] dalla copertina.$9(OLS)http://semarc/title/355126 LEADER 01325nam a2200205 i 4500 001 000000209610 003 CaOOAMICUS 005 20111220000000.0 008 111220s1919 it u000 u mul u 013 $a188400 040 $aSeMil$bita 245 10$aDisegno di legge presentato dal presidente del consiglio dei ministri, ministro dell'Interno (Nitti) di concerto col ministro degli Affari Esteri (Tittoni) :$bapprovazione del trattato di pace fra le potenze alleate e associate e la Germania e del protocollo firmato a Versailles il 28 giugno 1919 : seduta del 26 luglio 1919 /$cCamera dei Deputati. 260 $a[S.l. :$bs.n.],$c[1919?] 300 $a175 p. ;$c30 cm. 710 1 $aItalia : Camera dei Deputati.$0(OLS)http://semarc/name/2764 850 $aSeMil 852 $aSeMil$W1$xVenegono$y1$m3U VI 19$j160061$B160061$CSeMilBibl$Z2$F171110 $8I 961 $aRecupero: Altro 996 $6245$aDisegno di legge presentato dal presidente del consiglio dei ministri, ministro dell'Interno (Nitti) di concerto col ministro degli Affari Esteri (Tittoni) :$bapprovazione del trattato di pace fra le potenze alleate e associate e la Germania e del protocollo firmato a Versailles il 28 giugno 1919 : seduta del 26 luglio 1919$9(OLS)http://semarc/title/302963 996 $6260$a[S.l. :$bs.n.]$9(OLS)http://semarc/publisher/29751